000 00706nam a2200205Ii 4500
003 JO-AjNU
008 230605s9999||||xx |||||||||||||| ||und||
040 _aJO-AjNU
_bara
_erda
_cJO-AjNU
041 _aara
050 1 4 _aPJ7696.N3.A17 1992
100 3 _aفرحات، يوسف شكري,
_eauthor
_959435
245 0 0 _aديوان السفيرين: النابغة الذبياني عبيد بن الابرص
250 _aط1
264 3 1 _aبيروت: دار الجيل، 1992
300 _a303ص
336 _atext
_btxt
_2rdacontent
337 _aunmediated
_bn
_2rdamedia
338 _avolume
_bnc
_2rdacarrier
650 4 _aالشعر العربي-تاريخ ونقد-العصر الجاهلي
_959436
999 _aA26746
_c30314
_d30314